000 00594nam a22001697a 4500
005 20251108165434.0
008 250721s2008 xx 000 0 ara d
082 1 4 _a210.423637/ريس
100 1 _aالريسوني، قطب
_eمؤلف
245 1 0 _aالمحافظة على البيئة من منظور إسلامي : دراسة تأصيلية في ضوء الكتاب و السنة و مقاصد الشريعة /
264 1 _aبيروت :
_bدار ابن جزم،
_c2008.
300 _a239 ص.
650 1 7 _aالاسلام
650 1 7 _aالبياه
942 _2ddc
_cBK
999 _c27957
_d27957